Computational Discrete Mathematics : Combinatorics and Graph Theory with Mathematica

Na minha lista:
Detalhes bibliográficos
Main Authors: Pemmaraju, Sriram (Author), Skiena, Steven (Author)
Formato: Livro
Idioma:inglês
Publicado em: Cambridge : Cambridge University Press, 2003
Tags: Adicionar Tag
Sem tags, seja o primeiro a adicionar uma tag!

MARC

LEADER 00000nam a22000003a 4500
001 stu83069
005 20150617225635.4
008 040109s2003----uk------------------eng-d
020 |a 0-521-80686-0 
040 |a STU  |b slo 
041 0 |a eng 
044 |a uk 
080 |a 519.1 
100 1 |a Pemmaraju, Sriram  |4 aut 
245 1 |a Computational Discrete Mathematics :  |b Combinatorics and Graph Theory with Mathematica 
260 |a Cambridge :  |b Cambridge University Press,  |c 2003 
300 |a 480 s. Obr.,tab.,lit.,index 
700 1 |a Skiena, Steven  |4 aut 
996 |b C97266  |c C*97266  |l CCXX  |s P  |a 0  |w stu83069_0001